Sports Quiz

Random Sports or WWE Quiz

WWE Championship Quiz Stats

 Plays Quiz not verified by Sporcle

Challenge
Share
Tweet
Embed
Score 0/102 Timer 10:00
0 Plays Today
% Correct
John Cena
91.2%
John Cena
91.2%
John Cena
91.2%
John Cena
91.2%
John Cena
91.2%
John Cena
91.2%
John Cena
91.2%
The Rock
90.4%
The Rock
90.4%
The Rock
90.4%
The Rock
90.4%
The Rock
90.4%
The Rock
90.4%
The Rock
90.4%
Undertaker
90%
Undertaker
90%
Undertaker
90%
Undertaker
90%
Randy Orton
89.6%
Randy Orton
89.6%
Randy Orton
89.6%
Randy Orton
89.6%
Randy Orton
89.6%
Randy Orton
89.6%
Triple H
88.8%
Triple H
88.8%
Triple H
88.8%
Triple H
88.8%
Triple H
88.8%
Triple H
88.8%
Triple H
88.8%
Triple H
88.8%
Hulk Hogan
88.4%
Hulk Hogan
88.4%
% Correct
Hulk Hogan
88.4%
Hulk Hogan
88.4%
Hulk Hogan
88.4%
Shawn Michaels
88.4%
Shawn Michaels
88.4%
Shawn Michaels
88.4%
Hulk Hogan
88.4%
Kane
83.3%
Bret Hart
81.3%
Bret Hart
81.3%
Bret Hart
81.3%
Bret Hart
81.3%
Bret Hart
81.3%
Stone Cold
81.3%
Stone Cold
81.3%
Stone Cold
81.3%
Stone Cold
81.3%
Stone Cold
81.3%
Stone Cold
81.3%
Edge
81.3%
Edge
81.3%
Edge
81.3%
Edge
81.3%
Ric Flair
79.3%
Ric Flair
79.3%
Big Show
79.3%
Chris Jericho
79.3%
Big Show
79.3%
The Miz
79.3%
Randy Savage
77.7%
Randy Savage
77.7%
Andre the Giant
76.1%
Mankind
75.3%
Mankind
75.3%
% Correct
Mankind
75.3%
Bruno Sammartino
74.1%
Bruno Sammartino
74.1%
Kurt Angle
73.3%
Kurt Angle
73.3%
Kurt Angle
73.3%
Kurt Angle
73.3%
Batista
72.9%
Batista
72.9%
Ultimate Warrior
72.5%
Diesel
72.5%
Sheamus
72.1%
Sheamus
72.1%
Brock Lesnar
70.1%
Brock Lesnar
70.1%
Brock Lesnar
70.1%
Bob Backlund
69.7%
Yokozuna
69.7%
Yokozuna
69.7%
Bob Backlund
69.7%
Jeff Hardy
68.5%
Buddy Rogers
68.1%
JBL
68.1%
Eddie Guerrero
65.7%
The Iron Sheik
65.3%
Sid
64.5%
Sid
64.5%
Mr. McMahon
64.1%
Pedro Morales
63.3%
Sgt. Slaughter
61.8%
Ivan Koloff
59.8%
Stan Stasiak
56.6%
Superstar Billy Graham
56.6%
Rob Van Dam
55%

You're not logged in!

Compare scores with friends on all Sporcle quizzes.
OR
Log In

You Might Also Like...

Show Comments

Extras

Created Dec 13, 2010ReportNominate
Tags:WWE Quiz, 1963, championships

Top Quizzes Today


Score Distribution

Your Account Isn't Verified!

In order to create a playlist on Sporcle, you need to verify the email address you used during registration. Go to your Sporcle Settings to finish the process.

Report this User

Report this user for behavior that violates our Community Guidelines.

Details: